Mistrzowie świata w Bayernie Monachium - Statystyki

Ogólne statystyki
  • Ten quiz został rozwiązany 42 razy
  • Średni wynik to 14 z 42
Statystyki odpowiedzi
złoto MŚ Lata gry w Bayernie Odpowiedź % Poprawnych
2014 2008−2025 Thomas Muller
93%
1974 1964–1979 Gerd Muller
90%
2014 2011– Manuel Neuer
83%
2014 2005–2017 Philipp Lahm
73%
2014 2007–20092016–2019 Mats Hummels
70%
1974 1964–1977 Franz Beckenbauer
68%
2014 2011–2021 Jerome Boateng
68%
2014 2013–2016 Mario Gotze
65%
2014 2006–2009 Lukas Podolski
63%
2014 2007–2011 Miroslav Klose
63%
2014 2007–2014 Toni Kroos
60%
2018 2019–2023 Benjamin Pavard
58%
2014 2002–2015 Bastian Schweinsteiger
55%
2010 2014–2017 Xabi Alonso
53%
2010 2012–2021 Javi Martinez
48%
2018 2019–2023 Lucas Hernandez
48%
2006 2007–2010 Luca Toni
45%
1990 1984–19881992–2000 Lothar Matthaus
43%
2018 2017–2022 Corentin Tolisso
40%
1990 1995–1997 Jurgen Klinsmann
30%
2002 2004–2009 Lucio
30%
1998 1997–20042005–2006 Bixente Lizarazu
23%
1954 1958–1961 Karl Mai
23%
2010 2014–2015 Pepe Reina
23%
1974 1965–1980 Sepp Maier
23%
1990 1986–1988 Andreas Brehme
18%
1974 1970–19741978–1983 Paul Breitner
15%
1974 1970–1979 Uli Hoeness
13%
1974 1966–1981 Hans-Georg Schwarzenbeck
8%
1994 1992–1995 Jorginho
8%
1990 1989–1991 Jurgen Kohler
8%
1990 1975–1991 Klaus Augenthaler
8%
1994 1999–2002 Paulo Sergio
8%
2006 2008–2009 Massimo Oddo
5%
1990 1988–1994 Olaf Thon
5%
1990 1988–1991 Stefan Reuter
5%
1990 1991–1993 Thomas Berthold
5%
1990 1982–1994 Raimond Aumann
3%
1954 1948–1959 Hans Bauer
0%
1990 1981–1995 Hans Pflugler
0%
1954 1962–1964 Herbert Erhardt
0%
1974 1973–1979 Jupp Kapellmann
0%
Nie znaleziono quizów pasujących do podanych kryteriów
Rozkład punktacji
Procent ludzi z każdym wynikiem
Percentyl według liczby udzielonych odpowiedzi
Twoja historia wyników
Nie rozwiązałeś tego quizu